[Event "Landesliga Sued 1213 U20"]
[Site "Bayern"]
[Date "2013.01.19"]
[Round "4.3"]
[White "Auer, Christoph"]
[Black "Koehler, Max"]
[Result "0-1"]
[WhiteElo "1360"]
[BlackElo "1561"]
[PlyCount "56"]
[EventDate "2012.10.20"]
[EventType "team-tourn"]
[EventRounds "7"]
[EventCountry "GER"]
[SourceTitle "EXT 2020"]
[Source "ChessBase"]
[SourceDate "2019.10.17"]
[SourceVersion "1"]
[SourceVersionDate "2019.10.17"]
[SourceQuality "1"]
[WhiteTeam "Ortenburg U20"]
[BlackTeam "Muenchen Tarrasch U20"]
[WhiteTeamCountry "GER"]
[BlackTeamCountry "GER"]

1. e4 e6 2. Nf3 d5 3. exd5 exd5 4. d4 Bd6 5. Nc3 c6 6. Bd3 Ne7 7. h3 Bf5 8. Bg5 f6 9. Bh4 0-0 10. Bxf5 Nxf5 11. Qd3 Re8+ 12. Kd1 Nxh4 13. Nxh4 Qe7 14. Nf5 Qe6 15. Nxd6 Qxd6 16. Re1 Nd7 17. Rxe8+ Rxe8 18. Qf1 Qf4 19. Ne2 Qe4 20. Kd2 Nb6 21. Re1 Nc4+ 22. Kc1 a5 23. b3 Na3 24. Kb2 Nb5 25. f3 Qe3 26. g3 Nxd4 27. Nxd4 Qxe1 28. Qxe1 Rxe1 0-1

[Event "Landesliga Sued 1213 U20"]
[Site "Bayern"]
[Date "2012.10.20"]
[Round "1.3"]
[White "Auer, Christoph"]
[Black "Bauer, David"]
[Result "1/2-1/2"]
[WhiteElo "1360"]
[BlackElo "1678"]
[PlyCount "84"]
[EventDate "2012.10.20"]
[EventType "team-tourn"]
[EventRounds "7"]
[EventCountry "GER"]
[SourceTitle "EXT 2020"]
[Source "ChessBase"]
[SourceDate "2019.10.17"]
[SourceVersion "1"]
[SourceVersionDate "2019.10.17"]
[SourceQuality "1"]
[WhiteTeam "Ortenburg U20"]
[BlackTeam "Schaibing U20"]
[WhiteTeamCountry "GER"]
[BlackTeamCountry "GER"]

1. e4 e6 2. Nf3 d5 3. exd5 exd5 4. d4 Bd6 5. Nc3 Ne7 6. Bd3 Bg4 7. h3 Bh5 8. Bg5 f6 9. Bh4 g5 10. Bg3 Nbc6 11. Bxd6 Qxd6 12. g4 Bg6 13. h4 Qe6+ 14. Qe2 Qxg4 15. Bxg6+ hxg6 16. Rg1 Qd7 17. hxg5 f5 18. 0-0-0 0-0-0 19. Ne5 Nxe5 20. Qxe5 Nc6 21. Qg3 Rde8 22. f4 Rh5 23. Qf3 Rd8 24. Rh1 Rxh1 25. Qxh1 Qd6 26. Qf1 a6 27. a3 Na5 28. Nb1 Nc4 29. Qf3 Qb6 30. b3 Nd6 31. Qxd5 Ne4 32. Qc4 Qd6 33. Rf1 Qxd4 34. Qxd4 Rxd4 35. Rd1 Rxd1+ 36. Kxd1 Kd7 37. Nd2 Nc3+ 38. Ke1 Nd5 39. Nf3 Nxf4 40. Nh4 Kd6 41. Kd2 Ke5 42. Ke3 b5 1/2-1/2

[Event "Landesliga U20 Sued 1112"]
[Site "Bayern"]
[Date "2012.01.21"]
[Round "4.3"]
[White "Auer, Christoph"]
[Black "Karsten, Artur"]
[Result "1-0"]
[WhiteElo "1084"]
[BlackElo "1074"]
[PlyCount "69"]
[EventDate "2011.11.12"]
[EventType "team-tourn"]
[EventRounds "7"]
[EventCountry "GER"]
[SourceTitle "EXT 2022"]
[Source "ChessBase"]
[SourceDate "2021.10.06"]
[SourceVersion "1"]
[SourceVersionDate "2021.10.06"]
[SourceQuality "1"]
[WhiteTeam "Ortenburg U20"]
[BlackTeam "Kriegshaber SK U20"]
[WhiteTeamCountry "GER"]
[BlackTeamCountry "GER"]

1. e4 e5 2. Nf3 Nc6 3. Bc4 Bc5 4. Nc3 Nf6 5. d3 h6 6. Na4 b6 7. Nxc5 bxc5 8. Be3 d6 9. Bb5 Bd7 10. c3 a6 11. Bxc6 Bxc6 12. c4 0-0 13. b3 a5 14. a4 Ng4 15. Bd2 f5 16. Qe2 fxe4 17. dxe4 Nf6 18. Be3 Nxe4 19. Nd2 Nxd2 20. Qxd2 Bxg2 21. Rg1 Bc6 22. Bxh6 Rf7 23. 0-0-0 Qf6 24. Rg3 Kf8 25. Be3 Qh4 26. h3 Rf3 27. Rdg1 Kf7 28. Rxg7+ Ke6 29. R1g6+ Rf6 30. Bg5 Rxg6 31. Rxg6+ Kd7 32. Bxh4 Kc8 33. Rg8+ Kb7 34. Rxa8 Kxa8 35. Qg5 1-0

[Event "Landesliga U20 Sued 1011"]
[Site "Bayern"]
[Date "2011.01.22"]
[Round "4.3"]
[White "Auer, Christoph"]
[Black "Leeb, Simon"]
[Result "1/2-1/2"]
[WhiteElo "1127"]
[BlackElo "1289"]
[PlyCount "33"]
[EventDate "2010.10.16"]
[EventType "team-tourn"]
[EventRounds "7"]
[EventCountry "GER"]
[SourceTitle "EXT 2022"]
[Source "ChessBase"]
[SourceDate "2021.10.06"]
[SourceVersion "1"]
[SourceVersionDate "2021.10.06"]
[SourceQuality "1"]
[WhiteTeam "Ortenburg U20"]
[BlackTeam "Muenchen Suedost SK U20"]
[WhiteTeamCountry "GER"]
[BlackTeamCountry "GER"]

1. e4 e6 2. Nf3 d5 3. exd5 exd5 4. d4 Nf6 5. Bg5 c6 6. Bd3 Bd6 7. 0-0 0-0 8. Re1 Bg4 9. Nbd2 Nbd7 10. Re3 Re8 11. Qe1 Rxe3 12. Qxe3 Qe8 13. Re1 Qxe3 14. Rxe3 h6 15. Bxf6 Nxf6 16. h3 Bxf3 17. Nxf3 1/2-1/2